[Event "ch-Hessen_M"]
[Site "Marburg"]
[Date "2017.05.24"]
[Round "1"]
[White "Brendel, Oliver"]
[Black "Chandler, Patrick"]
[Result "1-0"]
[WhiteElo "2322"]
[BlackElo "2190"]
[PlyCount "145"]
[EventDate "2017.05.24"]
[EventType "swiss"]
[EventCountry "GER"]

1. c4 e5 2. g3 Nc6 3. Nc3 g6 4. Bg2 Bg7 5. e4 d6 6. Nge2 Be6 7. d3 Qd7 8. Nd5
Nd8 9. O-O c6 10. Ne3 Bh3 11. f4 Bxg2 12. Kxg2 Nf6 13. Qb3 Ne6 14. Bd2 h5 15.
Bc3 Ng4 16. Nxg4 hxg4 17. f5 Ng5 18. Ng1 d5 19. cxd5 cxd5 20. f6 Bf8 21. Qxd5
Rh5 22. Qxd7+ Kxd7 23. Bxe5 Nf3 24. Rxf3 Rxe5 25. Rff1 Rc8 26. Rac1 Rec5 27.
Rxc5 Rxc5 28. h3 Rc2+ 29. Rf2 Rc1 30. Ne2 Rd1 31. hxg4 Rxd3 32. Nf4 Rd4 33. Kf3
g5 34. Nh3 Rd3+ 35. Ke2 Rxg3 36. Nxg5 Rxg4 37. Nxf7 Rxe4+ 38. Kd3 Re1 39. Ng5
Rh1 40. Ke4 Bh6 41. Kf5 Bxg5 42. Kxg5 Rg1+ 43. Kf5 Ke8 44. Rc2 Rf1+ 45. Ke6
Re1+ 46. Kd6 Rd1+ 47. Kc7 b5 48. Kb7 Rf1 49. Kxa7 Rxf6 50. Rc5 b4 51. Rb5 Rf7+
52. Kb6 Kd7 53. Kc5 Kc7 54. Rxb4 Rf5+ 55. Kc4 Kd6 56. Rb8 Rf4+ 57. Kb3 Kc7 58.
Rb4 Rf8 59. a4 Rf6 60. Ka3 Rf1 61. Rh4 Kb6 62. Kb4 Rf6 63. a5+ Ka6 64. Ka4 Rg6
65. b4 Rf6 66. b5+ Ka7 67. Rh7+ Ka8 68. a6 Rf8 69. Re7 Rh8 70. b6 Kb8 71. Kb5
Ka8 72. Kc6 Rb8 73. Ra7# 1-0

[Event "ch-Hessen_M"]
[Site "Marburg"]
[Date "2017.05.24"]
[Round "1"]
[White "Dorst, Johannes"]
[Black "Zude, Arno"]
[Result "0-1"]
[WhiteElo "2198"]
[BlackElo "2394"]
[PlyCount "92"]
[EventDate "2017.05.24"]
[EventType "swiss"]
[EventCountry "GER"]

1. e4 e5 2. Nf3 Nc6 3. Bb5 Nf6 4. O-O Bc5 5. c3 O-O 6. d4 Bb6 7. Bg5 h6 8. Bh4
d6 9. Bxc6 bxc6 10. dxe5 dxe5 11. Nbd2 Ba6 12. Re1 Qe7 13. Qa4 Bb5 14. Qc2 a5
15. Rac1 Ba6 16. c4 g5 17. Bg3 Nd7 18. Nf1 f6 19. Red1 Rfd8 20. Ne1 Bd4 21. Qe2
Nc5 22. Nf3 Ne6 23. h4 c5 24. N3h2 Bb7 25. Re1 Kg7 26. Qf3 a4 27. Rb1 Qe8 28.
Ng4 Qg6 29. h5 Qf7 30. Bh2 Bc8 31. Red1 Rd6 32. b3 axb3 33. axb3 Ra2 34. Nge3
Bxe3 35. Nxe3 Nd4 36. Rxd4 cxd4 37. Nd5 Rda6 38. Qd1 Ra8 39. Nb4 R2a3 40. Nd3
Qe7 41. Bg3 Ra2 42. Qe1 Qa3 43. Nxe5 fxe5 44. Bxe5+ Kh7 45. Bxd4 Qe7 46. f3 Rc2
0-1

[Event "ch-Hessen_M"]
[Site "Marburg"]
[Date "2017.05.24"]
[Round "1"]
[White "Dunsbach, Ralf"]
[Black "Alber, Horst"]
[Result "1-0"]
[WhiteElo "2189"]
[BlackElo "2297"]
[PlyCount "57"]
[EventDate "2017.05.24"]
[EventType "swiss"]
[EventCountry "GER"]

1. c4 Nf6 2. g3 g6 3. Bg2 Bg7 4. Nc3 O-O 5. e4 c6 6. Nge2 Na6 7. O-O Rb8 8. e5
Ng4 9. d4 c5 10. Bf4 cxd4 11. Qxd4 d6 12. Qxa7 Nxe5 13. b3 Bg4 14. Qe3 Nc5 15.
h3 Bd7 16. Bh6 Bxh6 17. Qxh6 Bc6 18. Qe3 Bxg2 19. Kxg2 Ra8 20. Nd4 Ra6 21. Rfe1
Re8 22. Rad1 Qc8 23. Rd2 Kg7 24. f4 Ned7 25. Ndb5 Nf6 26. g4 e5 27. Nxd6 Rxd6
28. Rxd6 exf4 29. Qxf4 1-0

[Event "ch-Hessen_M"]
[Site "Marburg"]
[Date "2017.05.24"]
[Round "1"]
[White "Kersten, Uwe"]
[Black "Krastev, Alexander"]
[Result "1-0"]
[WhiteElo "2269"]
[BlackElo "2180"]
[PlyCount "77"]
[EventDate "2017.05.24"]
[EventType "swiss"]
[EventCountry "GER"]

1. d4 Nf6 2. Bf4 e6 3. e3 Be7 4. h3 b6 5. Nf3 Bb7 6. Nbd2 O-O 7. Bd3 c5 8. c3
Nc6 9. O-O Rc8 10. a3 d5 11. Qe2 a5 12. Rfe1 c4 13. Bb1 b5 14. e4 b4 15. axb4
axb4 16. e5 Ne8 17. h4 g6 18. Bh6 Ng7 19. Ng5 Qd7 20. h5 Ra8 21. Rxa8 Rxa8 22.
hxg6 fxg6 23. Bxg7 Bxg5 24. Nf3 Kxg7 25. Nxg5 h6 26. Nh3 Qf7 27. g3 Ne7 28. Nf4
h5 29. Kg2 bxc3 30. bxc3 Ra3 31. Qd2 Nf5 32. Nh3 Bc6 33. Ng5 Qe7 34. Bxf5 gxf5
35. Rb1 Rb3 36. Ra1 Bb5 37. Ra8 Be8 38. Ra6 Bd7 39. Ra7 1-0

[Event "ch-Hessen_M"]
[Site "Marburg"]
[Date "2017.05.24"]
[Round "1"]
[White "Nothnagel, Marian Can"]
[Black "Spitzl, Vinzent"]
[Result "1/2-1/2"]
[WhiteElo "2112"]
[BlackElo "2245"]
[PlyCount "70"]
[EventDate "2017.05.24"]
[EventType "swiss"]
[EventCountry "GER"]

1. e4 d5 2. exd5 Qxd5 3. Nc3 Qd6 4. d4 Nf6 5. Nf3 c6 6. Ne5 Bf5 7. g4 Bg6 8. f4
e6 9. Bg2 Nd5 10. O-O f5 11. Nxd5 exd5 12. Re1 Be7 13. c4 Nd7 14. g5 Nxe5 15.
c5 Qd7 16. Rxe5 O-O 17. Bd2 Bd8 18. Qf1 Bc7 19. Re3 Rae8 20. Rae1 Bh5 21. Rxe8
Rxe8 22. Rxe8+ Qxe8 23. Kf2 Qb8 24. Qc1 Kf7 25. b4 h6 26. h4 hxg5 27. hxg5 Bg4
28. Kg3 Qd8 29. Kf2 Qh8 30. Qh1 Qb8 31. Qc1 Ke7 32. Kg3 Kd7 33. Qh1 Qd8 34. Kf2
Qe7 35. Be3 Qf7 1/2-1/2

[Event "ch-Hessen_M"]
[Site "Marburg"]
[Date "2017.05.24"]
[Round "1"]
[White "Zude, Erik"]
[Black "Bethke, Richard"]
[Result "1/2-1/2"]
[WhiteElo "2423"]
[BlackElo "2223"]
[PlyCount "119"]
[EventDate "2017.05.24"]
[EventType "swiss"]
[EventCountry "GER"]

1. c4 e6 2. Nf3 Nf6 3. g3 d5 4. Bg2 Be7 5. O-O O-O 6. b3 b6 7. Bb2 Bb7 8. d3
Nbd7 9. a3 c5 10. e3 Rc8 11. Nc3 Qc7 12. Qe2 Qb8 13. cxd5 Nxd5 14. Nxd5 Bxd5
15. Rab1 Bf6 16. e4 Bc6 17. d4 cxd4 18. Nxd4 Bxd4 19. Bxd4 e5 20. Be3 Nc5 21.
Bxc5 bxc5 22. Rfc1 Bb5 23. Qe3 Qd6 24. Rd1 Qe7 25. Rd5 Rfd8 26. Rc1 Rxd5 27.
exd5 c4 28. Bf1 Qxa3 29. bxc4 Qb2 30. Qe1 Ba6 31. Ra1 Bxc4 32. Bxc4 Rxc4 33.
Rb1 Qc2 34. Rb8+ Rc8 35. Qxe5 g6 36. Rxc8+ Qxc8 37. Qe7 Qc1+ 38. Kg2 Qc4 39.
Qe8+ Kg7 40. Qe5+ Kf8 41. Qd6+ Kg7 42. Qe5+ Kf8 43. d6 Qc6+ 44. Kh3 Qd7+ 45. g4
f5 46. Qh8+ Kf7 47. Qxh7+ Ke6 48. Qxg6+ Kd5 49. g5 a5 50. Qg8+ Kxd6 51. Qb8+
Ke7 52. Qe5+ Kf7 53. Qxa5 Qd3+ 54. Kg2 Qe4+ 55. f3 Qe2+ 56. Kg3 f4+ 57. Kg4
Qg2+ 58. Kf5 Qh3+ 59. Ke5 Qxf3 60. Qc7+ 1/2-1/2

[Event "ch-Hessen_M"]
[Site "Marburg"]
[Date "2017.05.24"]
[Round "2"]
[White "Alber, Horst"]
[Black "Chandler, Patrick"]
[Result "1/2-1/2"]
[WhiteElo "2297"]
[BlackElo "2190"]
[PlyCount "50"]
[EventDate "2017.05.24"]
[EventType "swiss"]
[EventCountry "GER"]

1. d4 Nf6 2. c4 e6 3. Nc3 Bb4 4. e3 d5 5. Nf3 c5 6. a3 Bxc3+ 7. bxc3 Qc7 8.
cxd5 exd5 9. Be2 O-O 10. O-O b6 11. dxc5 Qxc5 12. Qd4 Qxd4 13. Nxd4 Ba6 14. Nb5
Nbd7 15. a4 Nc5 16. Bb2 Nfe4 17. Rfd1 Rfd8 18. f3 Ng5 19. Kf2 Nge6 20. Ke1 Bb7
21. c4 a6 22. Nd4 dxc4 23. Bxc4 Bd5 24. Bxd5 Rxd5 25. Nxe6 Rxd1+ 1/2-1/2

[Event "ch-Hessen_M"]
[Site "Marburg"]
[Date "2017.05.24"]
[Round "2"]
[White "Bethke, Richard"]
[Black "Nothnagel, Marian Can"]
[Result "0-1"]
[WhiteElo "2223"]
[BlackElo "2112"]
[PlyCount "94"]
[EventDate "2017.05.24"]
[EventType "swiss"]
[EventCountry "GER"]

1. e4 e5 2. Nf3 Nc6 3. Bc4 Bc5 4. c3 Nf6 5. d3 O-O 6. O-O d6 7. Bb3 Bb6 8. Re1
Ne7 9. Nbd2 Ng6 10. Nf1 Nh5 11. Nxe5 Nxe5 12. Qxh5 Bg4 13. Qg5 Qxg5 14. Bxg5
Nxd3 15. Reb1 Nxf2 16. Be3 Nxe4 17. Bxb6 axb6 18. Bd5 Nc5 19. b4 Na4 20. Bxb7
Ra7 21. Ne3 Nxc3 22. Rb2 Be6 23. Bf3 Rxa2 24. Raxa2 Nxa2 25. Nd5 Bxd5 26. Bxd5
Nc3 27. Bf3 d5 28. Rd2 Rd8 29. Rd3 d4 30. Bc6 f5 31. Kf2 Kf7 32. Kf3 Kf6 33. g4
fxg4+ 34. Kxg4 Ke5 35. h4 Rd6 36. b5 Rg6+ 37. Kf3 Rf6+ 38. Kg3 Ne4+ 39. Kg2 Nc5
40. Rd1 d3 41. Re1+ Kd4 42. h5 d2 43. Ra1 Nd3 44. Ra4+ Kc5 45. Ra1 Nc1 46. Bf3
Rxf3 47. h6 d1=Q 0-1

[Event "ch-Hessen_M"]
[Site "Marburg"]
[Date "2017.05.24"]
[Round "2"]
[White "Dunsbach, Ralf"]
[Black "Brendel, Oliver"]
[Result "0-1"]
[WhiteElo "2189"]
[BlackElo "2322"]
[PlyCount "102"]
[EventDate "2017.05.24"]
[EventType "swiss"]
[EventCountry "GER"]

1. c4 Nf6 2. g3 g6 3. Bg2 c5 4. Nf3 Bg7 5. O-O Nc6 6. d4 cxd4 7. Nxd4 O-O 8.
Nc3 Ng4 9. e3 d6 10. b3 Nxd4 11. exd4 Nh6 12. Bxh6 Bxh6 13. Qe2 Rb8 14. Rfe1 e6
15. Rad1 Bg7 16. Qe3 Qa5 17. Rb1 Qb6 18. Red1 e5 19. d5 Qxe3 20. fxe3 Rd8 21.
a4 f5 22. Rf1 Bd7 23. Nb5 Bxb5 24. axb5 a6 25. bxa6 bxa6 26. e4 f4 27. gxf4
exf4 28. Rxf4 Rb4 29. Bh3 a5 30. Be6+ Kh8 31. Rff1 Rdb8 32. Bd7 Rxb3 33. Rxb3
Rxb3 34. Kg2 Rb2+ 35. Rf2 Rxf2+ 36. Kxf2 Bd4+ 37. Ke2 Kg7 38. Kd3 Bc5 39. e5
dxe5 40. Ke4 Kf6 41. h3 Ke7 42. Ba4 Kd6 43. Be8 Bb6 44. Kd3 Kc5 45. h4 Bc7 46.
h5 gxh5 47. Bxh5 a4 48. Bd1 a3 49. Bb3 Bd6 50. Ke4 h5 51. Kf5 h4 0-1

[Event "ch-Hessen_M"]
[Site "Marburg"]
[Date "2017.05.24"]
[Round "2"]
[White "Krastev, Alexander"]
[Black "Dorst, Johannes"]
[Result "1/2-1/2"]
[WhiteElo "2180"]
[BlackElo "2198"]
[PlyCount "168"]
[EventDate "2017.05.24"]
[EventType "swiss"]
[EventCountry "GER"]

1. e4 c5 2. Nc3 e6 3. Nf3 Nc6 4. d4 cxd4 5. Nxd4 Qc7 6. g3 Nf6 7. Bg2 a6 8. O-O
Be7 9. Be3 O-O 10. f4 d6 11. Kh1 Bd7 12. Nb3 b5 13. g4 b4 14. Nb1 Rac8 15. g5
Ne8 16. Qh5 g6 17. Qh6 f5 18. N1d2 Rf7 19. Rad1 Bf8 20. Qh4 Ng7 21. Bg1 a5 22.
Qe1 a4 23. Nc1 Na5 24. exf5 Nxf5 25. Ne4 Bg7 26. Nd3 Nc4 27. b3 Na3 28. Nxb4 d5
29. Nc5 Qd6 30. Nxd7 Bc3 31. Qe2 Rxd7 32. Nd3 Qa6 33. Bf3 Rdc7 34. Bg4 Bg7 35.
Rfe1 Nxc2 36. Qxe6+ Qxe6 37. Rxe6 axb3 38. axb3 Rb8 39. Nc5 Kf7 40. Bxf5 gxf5
41. Re2 Nb4 42. Rde1 Bc3 43. Rd1 d4 44. Nd3 Nxd3 45. Rxd3 Rd7 46. Re5 Kg6 47.
Re6+ Kg7 48. Rf6 Rd5 49. Rc6 Rxb3 50. Rc4 Rb1 51. Kg2 Rb2+ 52. Kh3 Ra5 53.
Rcxd4 Bb4 54. Rd7+ Kg8 55. Bd4 Rd2 56. Rxd2 Bxd2 57. Rg7+ Kf8 58. Rxh7 Bxf4 59.
g6 Ra2 60. Rf7+ Kg8 61. Rxf5 Rxh2+ 62. Kg4 Bh6 63. Rf7 Rd2 64. Rd7 Bf8 65. Kf5
Rd1 66. g7 Rf1+ 67. Kg6 Bxg7 68. Rxg7+ Kf8 69. Ra7 Ke8 70. Bf6 Re1 71. Kf5 Re2
72. Be5 Kd8 73. Ke6 Kc8 74. Rh7 Re1 75. Kd5 Rd1+ 76. Bd4 Kd8 77. Kc5 Ke8 78.
Be5 Rd7 79. Rh6 Rd1 80. Bd4 Rd2 81. Rh7 Rd1 82. Kd5 Kd8 83. Rb7 Rd2 84. Rh7 Rd1
1/2-1/2

[Event "ch-Hessen_M"]
[Site "Marburg"]
[Date "2017.05.24"]
[Round "2"]
[White "Spitzl, Vinzent"]
[Black "Zude, Erik"]
[Result "1/2-1/2"]
[WhiteElo "2245"]
[BlackElo "2407"]
[PlyCount "60"]
[EventDate "2017.05.24"]
[EventType "swiss"]
[EventCountry "GER"]

1. e4 c5 2. Nf3 d6 3. d4 cxd4 4. Nxd4 Nf6 5. Nc3 a6 6. Be2 e5 7. Nb3 Be7 8. Bg5
Be6 9. Bxf6 Bxf6 10. Qd3 Be7 11. O-O-O Nd7 12. Nd5 Bxd5 13. Qxd5 Qc7 14. Nd2
Bg5 15. Kb1 Nf6 16. Qc4 Rc8 17. Qxc7 Rxc7 18. Nc4 Nxe4 19. Nxd6+ Nxd6 20. Rxd6
O-O 21. Rhd1 f5 22. Rd7 Rf7 23. Rxc7 Rxc7 24. Rd5 Bf6 25. c4 g6 26. b4 e4 27.
Kc2 Kg7 28. Kb3 Re7 29. c5 Be5 30. h3 Kf6 1/2-1/2

[Event "ch-Hessen_M"]
[Site "Marburg"]
[Date "2017.05.24"]
[Round "2"]
[White "Zude, Arno"]
[Black "Kersten, Uwe"]
[Result "1/2-1/2"]
[WhiteElo "2394"]
[BlackElo "2269"]
[PlyCount "49"]
[EventDate "2017.05.24"]
[EventType "swiss"]
[EventCountry "GER"]

1. e4 e5 2. Nf3 Nc6 3. Bb5 a6 4. Ba4 Nf6 5. O-O Nxe4 6. d4 exd4 7. Re1 d5 8.
Nxd4 Bd6 9. Nxc6 Bxh2+ 10. Kf1 Qh4 11. Be3 O-O 12. Nd4 Bg4 13. Nf3 Qh5 14. Nbd2
Rad8 15. c3 c5 16. Qc1 f5 17. b4 b6 18. bxc5 bxc5 19. Nxh2 Qxh2 20. f3 f4 21.
Bg1 Ng3+ 22. Kf2 Nh1+ 23. Kf1 Ng3+ 24. Kf2 Nh1+ 25. Kf1 1/2-1/2

[Event "ch-Hessen_M"]
[Site "Marburg"]
[Date "2017.05.25"]
[Round "3"]
[White "Alber, Horst"]
[Black "Spitzl, Vinzent"]
[Result "1-0"]
[WhiteElo "2297"]
[BlackElo "2245"]
[PlyCount "119"]
[EventDate "2017.05.24"]
[EventType "swiss"]
[EventCountry "GER"]

1. d4 d5 2. c4 e6 3. Nc3 Bb4 4. e3 Nf6 5. a3 Bxc3+ 6. bxc3 c6 7. Bd3 e5 8. Ne2
e4 9. Bc2 O-O 10. Ng3 b6 11. f3 Re8 12. O-O Ba6 13. fxe4 dxe4 14. Rf4 Bxc4 15.
Nxe4 Nd5 16. Rf2 Qe7 17. Qf3 Nd7 18. Bd2 N5f6 19. Ng3 Be6 20. e4 Ng4 21. Rff1
Rad8 22. Bf4 Ngf6 23. h3 Rc8 24. Qd3 b5 25. Rf2 Bc4 26. Qf3 Be6 27. Bg5 h6 28.
Bf4 g5 29. Bd2 g4 30. Qf4 gxh3 31. gxh3 Nh7 32. Qxh6 Qf8 33. Qf4 Kh8 34. Nf5
Bxf5 35. Qxf5 Qe7 36. e5 Rg8+ 37. Kh2 Rg7 38. Bh6 Rg6 39. Qxf7 Qxf7 40. Rxf7
Rxh6 41. Rxd7 Ng5 42. Bf5 Rf8 43. Rf1 Nxh3 44. Kg3 Ng5 45. Rf4 Rg8 46. Kf2 Nh3+
47. Bxh3 Rxh3 48. Rf3 Rh2+ 49. Ke3 Rg7 50. Rf8+ Kh7 51. Rff7 Rxf7 52. Rxf7+ Kg6
53. Rf6+ Kg5 54. Rxc6 a5 55. Rb6 Rb2 56. a4 b4 57. cxb4 axb4 58. Ke4 Rb1 59.
Kd5 b3 60. Ke6 1-0

[Event "ch-Hessen_M"]
[Site "Marburg"]
[Date "2017.05.25"]
[Round "3"]
[White "Brendel, Oliver"]
[Black "Zude, Arno"]
[Result "1-0"]
[WhiteElo "2322"]
[BlackElo "2394"]
[PlyCount "79"]
[EventDate "2017.05.24"]
[EventType "swiss"]
[EventCountry "GER"]

1. e4 e5 2. Nf3 Nc6 3. Bb5 a6 4. Ba4 d6 5. Bxc6+ bxc6 6. d4 exd4 7. Qxd4 Nf6 8.
Nc3 Be7 9. Bg5 O-O 10. O-O-O Be6 11. e5 Nd5 12. Bxe7 Qxe7 13. Rhe1 Nxc3 14.
Qxc3 Bd5 15. Kb1 Rfe8 16. exd6 Qxd6 17. g3 f6 18. Nd4 Rab8 19. Nf5 Qf8 20. b3
Qa3 21. Rd4 Qf8 22. Rxe8 Rxe8 23. Ne3 Qd6 24. Ra4 h6 25. Rxa6 Bf3 26. Kb2 Kh8
27. Ra4 Be4 28. Rd4 Qe7 29. a4 Ra8 30. f4 Bh1 31. Nf5 Qe6 32. g4 Be4 33. Ng3
Bd5 34. f5 Qe7 35. Nh5 Qe5 36. Nf4 Kh7 37. h3 Bf7 38. Nd3 Qe3 39. Rd7 Bd5 40.
Qxf6 1-0

[Event "ch-Hessen_M"]
[Site "Marburg"]
[Date "2017.05.25"]
[Round "3"]
[White "Chandler, Patrick"]
[Black "Krastev, Alexander"]
[Result "1-0"]
[WhiteElo "2190"]
[BlackElo "2180"]
[PlyCount "109"]
[EventDate "2017.05.24"]
[EventType "swiss"]
[EventCountry "GER"]

1. Nf3 g6 2. d4 Bg7 3. c3 Nf6 4. Bf4 d6 5. h3 O-O 6. e3 Nbd7 7. Be2 a6 8. a4 b6
9. Nbd2 Bb7 10. O-O Re8 11. Nc4 Ne4 12. Qc2 e5 13. dxe5 Nxe5 14. Ncxe5 dxe5 15.
Bh2 Qe7 16. Rfd1 Ng5 17. Nxg5 Qxg5 18. e4 f5 19. Bc4+ Kh8 20. Bd5 c6 21. Bb3
Rad8 22. Qe2 f4 23. Kh1 c5 24. f3 Qe7 25. Bc4 a5 26. Bg1 Qc7 27. b3 h5 28. Ra2
Rxd1 29. Qxd1 Rd8 30. Rd2 Rxd2 31. Qxd2 g5 32. Bf2 Bf6 33. Bd5 Bc8 34. Qe2 g4
35. fxg4 hxg4 36. hxg4 Qd7 37. Kg1 Qxg4 38. Qxg4 Bxg4 39. b4 axb4 40. cxb4 cxb4
41. Bxb6 Bd1 42. a5 b3 43. a6 b2 44. a7 b1=Q 45. a8=Q+ Kg7 46. Qa7+ Kh6 47. Kh2
Bh5 48. Bc5 Qc2 49. Bf8+ Kg5 50. Qh7 Kh4 51. Qf5 Bd8 52. Qxe5 Qf2 53. Be7+ Bxe7
54. Qxe7+ Kg4 55. Be6# 1-0

[Event "ch-Hessen_M"]
[Site "Marburg"]
[Date "2017.05.25"]
[Round "3"]
[White "Dorst, Johannes"]
[Black "Bethke, Richard"]
[Result "0-1"]
[WhiteElo "2198"]
[BlackElo "2223"]
[PlyCount "76"]
[EventDate "2017.05.24"]
[EventType "swiss"]
[EventCountry "GER"]

1. c4 e6 2. Nf3 Nf6 3. g3 d5 4. b3 Be7 5. Bg2 b6 6. O-O O-O 7. Bb2 Bb7 8. d3
Nbd7 9. Nbd2 c5 10. cxd5 Nxd5 11. d4 cxd4 12. Nxd4 Nc5 13. Nc4 Bf6 14. a3 b5
15. Nxb5 Bxb2 16. Nxb2 a6 17. b4 axb5 18. bxc5 Nc3 19. Qe1 Bxg2 20. Kxg2 Qd5+
21. Kg1 Qxc5 22. Nd3 Qd4 23. Nb4 Qc4 24. e3 Qb3 25. Nc6 Rxa3 26. Nd4 Rxa1 27.
Qxa1 Qc4 28. Qa6 e5 29. Nf3 Qe4 30. Kg2 b4 31. Rc1 Ra8 32. Qb6 g5 33. h3 h5 34.
Qf6 g4 35. Qg5+ Kf8 36. Qh6+ Ke7 37. Qg5+ Ke6 38. Qh6+ f6 0-1

[Event "ch-Hessen_M"]
[Site "Marburg"]
[Date "2017.05.25"]
[Round "3"]
[White "Kersten, Uwe"]
[Black "Nothnagel, Marian Can"]
[Result "1/2-1/2"]
[WhiteElo "2269"]
[BlackElo "2112"]
[PlyCount "39"]
[EventDate "2017.05.24"]
[EventType "swiss"]
[EventCountry "GER"]

1. d4 Nf6 2. Bf4 g6 3. e3 Bg7 4. Nf3 O-O 5. Be2 d6 6. O-O Nbd7 7. h3 c5 8. Nbd2
b6 9. c3 Bb7 10. Bh2 a6 11. a4 Ra7 12. b4 Qa8 13. Qb3 cxb4 14. cxb4 Bd5 15. Qb2
Rc8 16. Rfc1 Rac7 17. Rxc7 Rxc7 18. Rc1 Rc8 19. Bf1 Bb7 20. Ne1 1/2-1/2

[Event "ch-Hessen_M"]
[Site "Marburg"]
[Date "2017.05.25"]
[Round "3"]
[White "Zude, Erik"]
[Black "Dunsbach, Ralf"]
[Result "1/2-1/2"]
[WhiteElo "2407"]
[BlackElo "2189"]
[PlyCount "92"]
[EventDate "2017.05.24"]
[EventType "swiss"]
[EventCountry "GER"]

1. c4 c5 2. Nc3 Nc6 3. Nf3 g6 4. g3 Bg7 5. Bg2 e6 6. d4 cxd4 7. Nb5 d5 8. cxd5
Qa5+ 9. Bd2 Qxb5 10. dxc6 Ne7 11. cxb7 Bxb7 12. O-O O-O 13. Qb3 Qxb3 14. axb3
Bd5 15. Bb4 Rfe8 16. Bc5 Nc6 17. Ra6 Rec8 18. b4 Rab8 19. Bd6 Rb6 20. Rxb6 axb6
21. Rc1 Ne7 22. Rc7 Rxc7 23. Bxc7 b5 24. Bd6 Nc6 25. Ne1 Bxg2 26. Kxg2 Bf8 27.
Bxf8 Kxf8 28. Nc2 Ke7 29. Na3 Na7 30. f4 Kd6 31. Kf3 f5 32. e4 dxe3 33. Kxe3 e5
34. b3 e4 35. h3 h5 36. g4 hxg4 37. hxg4 fxg4 38. Nb1 Nc6 39. Nc3 Nxb4 40.
Nxe4+ Ke6 41. Kf2 Kf5 42. Nd6+ Kxf4 43. Nxb5 Nd3+ 44. Kg2 g3 45. Nd4 Kg4 46.
Ne2 Nf4+ 1/2-1/2

[Event "ch-Hessen_M"]
[Site "Marburg"]
[Date "2017.05.25"]
[Round "4"]
[White "Bethke, Richard"]
[Black "Kersten, Uwe"]
[Result "1/2-1/2"]
[WhiteElo "2223"]
[BlackElo "2269"]
[PlyCount "93"]
[EventDate "2017.05.24"]
[EventType "swiss"]
[EventCountry "GER"]

1. e4 c5 2. Nf3 e6 3. d4 cxd4 4. Nxd4 a6 5. Bd3 Nf6 6. c4 Nc6 7. Nxc6 dxc6 8.
O-O e5 9. Nc3 Bc5 10. h3 O-O 11. Qf3 Qc7 12. Ne2 Re8 13. Ng3 a5 14. Nf5 Bxf5
15. Qxf5 Rad8 16. Bc2 Nd7 17. Qg4 Nf8 18. Bg5 Rd6 19. Rad1 Rg6 20. Qh5 Ne6 21.
Be3 Bd4 22. b3 Qb6 23. Qf3 Rf6 24. Qg3 Rg6 25. Qf3 Qd8 26. Kh1 Qe7 27. Rd2 Rd8
28. Rfd1 c5 29. Rd3 Rd6 30. R3d2 Nf8 31. Qe2 Ne6 32. Qf3 Rd8 33. Rd3 Nf8 34.
R3d2 Rgd6 35. Qe2 Ne6 36. Rd3 Qh4 37. Kh2 b6 38. g3 Qe7 39. Bc1 g6 40. f4 exf4
41. gxf4 Bg7 42. e5 Rxd3 43. Rxd3 Rd4 44. Rf3 Rd8 45. Rd3 Rd4 46. Rf3 Rd8 47.
Rd3 1/2-1/2

[Event "ch-Hessen_M"]
[Site "Marburg"]
[Date "2017.05.25"]
[Round "4"]
[White "Chandler, Patrick"]
[Black "Zude, Erik"]
[Result "1-0"]
[WhiteElo "2190"]
[BlackElo "2407"]
[PlyCount "117"]
[EventDate "2017.05.24"]
[EventType "swiss"]
[EventCountry "GER"]

1. e4 c5 2. Nf3 d6 3. Nc3 Nf6 4. d4 cxd4 5. Nxd4 a6 6. Bc4 e6 7. a4 Be7 8. Be3
Nc6 9. Bb3 Bd7 10. f3 O-O 11. O-O Na5 12. Ba2 Rc8 13. Qd3 Qc7 14. Rfd1 Nc4 15.
Bxc4 Qxc4 16. Qxc4 Rxc4 17. Nb3 Rfc8 18. Bb6 d5 19. e5 Ne8 20. a5 Nc7 21. Nd4
f6 22. f4 fxe5 23. fxe5 Na8 24. Ba7 Rb4 25. Rdb1 b5 26. axb6 Bc5 27. Nce2 Rxd4
28. Nxd4 Bxd4+ 29. Kh1 Bxb6 30. Rxa6 Bb5 31. Rxb6 Nxb6 32. Bxb6 Rxc2 33. Kg1
Bd3 34. Rd1 Be4 35. Bd4 Rxg2+ 36. Kf1 Rxh2 37. b4 Bc2 38. Ra1 Rh3 39. Kg2 Rb3
40. Bc5 Be4+ 41. Kh2 d4 42. Rd1 d3 43. Kg3 g5 44. Kf2 Kg7 45. Ke3 Bf5 46. Kd4
Rb2 47. Kc3 Rc2+ 48. Kb3 Be4 49. Be3 Kg6 50. b5 h5 51. b6 Re2 52. Rxd3 h4 53.
Bc5 Re1 54. Bb4 Rb1+ 55. Kc3 Rc1+ 56. Kd2 Bxd3 57. b7 h3 58. b8=Q h2 59. Qg8+
1-0

[Event "ch-Hessen_M"]
[Site "Marburg"]
[Date "2017.05.25"]
[Round "4"]
[White "Krastev, Alexander"]
[Black "Dunsbach, Ralf"]
[Result "1/2-1/2"]
[WhiteElo "2180"]
[BlackElo "2189"]
[PlyCount "93"]
[EventDate "2017.05.24"]
[EventType "swiss"]
[EventCountry "GER"]

1. e4 e5 2. Nc3 Nc6 3. Bc4 Nf6 4. d3 Na5 5. Nge2 Nxc4 6. dxc4 d6 7. O-O Be7 8.
Qd3 O-O 9. b3 Be6 10. a4 Nd7 11. Ng3 Bg5 12. Ba3 Nc5 13. Qe2 a5 14. Rad1 Qc8
15. Nd5 g6 16. Bc1 Bxd5 17. Bxg5 Bc6 18. f3 f6 19. Bh6 Rf7 20. Rf2 Ne6 21. Be3
b6 22. Qd2 Qd7 23. Rdf1 Qe7 24. Ne2 f5 25. exf5 Rxf5 26. f4 exf4 27. Nxf4 Nxf4
28. Rxf4 Rxf4 29. Bxf4 Re8 30. Bh6 Qh4 31. Qe3 Be4 32. h3 Qe7 33. Rf4 Qe5 34.
Qf2 Qa1+ 35. Kh2 Qe5 36. c3 Rf8 37. Bxf8 g5 38. Bh6 Qxf4+ 39. Qxf4 gxf4 40. Bg5
Bc2 41. Bd8 Bxb3 42. Bxc7 Bxa4 43. Bxb6 Bb3 44. c5 dxc5 45. Bxc5 Bd5 46. Kg1
Kf7 47. Bd6 1/2-1/2

[Event "ch-Hessen_M"]
[Site "Marburg"]
[Date "2017.05.25"]
[Round "4"]
[White "Nothnagel, Marian Can"]
[Black "Brendel, Oliver"]
[Result "1/2-1/2"]
[WhiteElo "2112"]
[BlackElo "2322"]
[PlyCount "47"]
[EventDate "2017.05.24"]
[EventType "swiss"]
[EventCountry "GER"]

1. e4 c5 2. Nf3 g6 3. c3 Bg7 4. d4 cxd4 5. Bc4 dxc3 6. Nxc3 Nc6 7. e5 f6 8.
Bxg8 Rxg8 9. exf6 Bxf6 10. O-O Bxc3 11. bxc3 d5 12. Qb3 Bg4 13. Qxb7 Qc8 14.
Qb5 Bxf3 15. gxf3 Qd7 16. Re1 Rf8 17. Bg5 Rf5 18. f4 e5 19. Rad1 e4 20. c4 Rb8
21. Qc5 Rxg5+ 22. fxg5 Qg4+ 23. Kh1 Qf3+ 24. Kg1 1/2-1/2

[Event "ch-Hessen_M"]
[Site "Marburg"]
[Date "2017.05.25"]
[Round "4"]
[White "Spitzl, Vinzent"]
[Black "Dorst, Johannes"]
[Result "1/2-1/2"]
[WhiteElo "2245"]
[BlackElo "2198"]
[PlyCount "138"]
[EventDate "2017.05.24"]
[EventType "swiss"]
[EventCountry "GER"]

1. e4 c5 2. Nf3 e6 3. d4 cxd4 4. Nxd4 Nc6 5. Nc3 Qc7 6. Be3 a6 7. Qd2 Nf6 8.
O-O-O Be7 9. f3 b5 10. g4 Nxd4 11. Bxd4 Bb7 12. g5 Nh5 13. Be5 Qxe5 14. Qxd7+
Kf8 15. Qxb7 Qb8 16. Qxb8+ Rxb8 17. Rg1 h6 18. g6 fxg6 19. e5 Kf7 20. Ne4 Rhd8
21. Bd3 Nf4 22. Rge1 Bb4 23. Rg1 g5 24. a3 Be7 25. Rge1 Kf8 26. Bf1 Ng6 27. Nf2
Nh4 28. Be2 Bc5 29. Rxd8+ Rxd8 30. Nd3 Be3+ 31. Kb1 Ng2 32. Rd1 Nf4 33. Nxf4
Rxd1+ 34. Bxd1 Bxf4 35. h3 Ke7 36. c4 bxc4 37. Be2 Bxe5 38. Bxc4 a5 39. Kc2 Kf6
40. b4 axb4 41. axb4 Kf5 42. Kd3 Bd6 43. b5 Bc5 44. Ke2 e5 45. Bd5 Kf4 46. Bc6
h5 47. Be8 g4 48. fxg4 hxg4 49. hxg4 Kxg4 50. Bg6 Kg5 51. Be4 Kf4 52. Bg6 e4
53. Kf1 Kf3 54. Bh5+ Ke3 55. Bg6 Bb6 56. Kg2 Kf4 57. Kf1 e3 58. Bd3 Kf3 59.
Be2+ Kg3 60. Kg1 g5 61. Kf1 g4 62. Kg1 Kh3 63. Bf1+ Kg3 64. Be2 Bc5 65. Kf1 Kh3
66. Kg1 g3 67. Bf1+ g2 68. Bxg2+ Kg3 69. Kf1 Bb6 1/2-1/2

[Event "ch-Hessen_M"]
[Site "Marburg"]
[Date "2017.05.25"]
[Round "4"]
[White "Zude, Arno"]
[Black "Alber, Horst"]
[Result "1-0"]
[WhiteElo "2394"]
[BlackElo "2297"]
[PlyCount "105"]
[EventDate "2017.05.24"]
[EventType "swiss"]
[EventCountry "GER"]

1. e4 g6 2. d4 Bg7 3. Nf3 d6 4. Bc4 e6 5. Bb3 h6 6. O-O Ne7 7. Nbd2 a6 8. c3
Nd7 9. Re1 b6 10. Nf1 Bb7 11. Ng3 c5 12. h3 Qc7 13. Be3 O-O-O 14. Qe2 Kb8 15.
a4 d5 16. e5 Nf5 17. Nxf5 gxf5 18. Nh4 Bf8 19. Qh5 Be7 20. Nf3 Rh7 21. Ng5 Rg7
22. Qxh6 Rdg8 23. h4 Nf8 24. g3 Qd8 25. f4 Ng6 26. Kf2 Bxg5 27. fxg5 Qf8 28.
Qh5 cxd4 29. Bxd4 f4 30. Qg4 fxg3+ 31. Qxg3 Rh7 32. Rh1 Rgh8 33. Rh3 Rxh4 34.
Rah1 Rf4+ 35. Ke3 Rg8 36. Bc2 Rxd4 37. cxd4 Qb4 38. Qf2 Rc8 39. Bxg6 fxg6 40.
Rh8 Qb3+ 41. Kf4 Qxa4 42. Qd2 a5 43. Rxc8+ Bxc8 44. Rh8 Kb7 45. Rh7+ Bd7 46.
Rg7 Ka6 47. Rxg6 Qa1 48. Rf6 Bb5 49. g6 Qb1 50. Kg5 Bd3 51. Kh6 Bf5 52. Qe2+ b5
53. Qf3 1-0